| 000 | 00606cab a2200229 4500 | ||
|---|---|---|---|
| 001 | WB3426-22 | ||
| 008 | 090401t1998 xxu||||| |||| 00| 0 eng d | ||
| 035 | _a(Sirsi) u87253 | ||
| 041 | _aeng | ||
| 245 | _aMayor bases | ||
| 260 | _c1998 | ||
| 350 | _a0 | ||
| 490 |
_aFinancial Times _v6 July 1998, 10(1) |
||
| 520 | _aGovernment is to publish a shortlist of potential headquarters for London`s new mayor. | ||
| 650 | _aGREATER LONDON AUTHORITY | ||
| 650 | _aHEADQUARTERS | ||
| 650 | _aLONDON MAYOR | ||
| 650 | _aLONDON | ||
| 690 | _aECONOMIC AND SOCIAL | ||
| 942 | _n0 | ||
| 948 | _c07/07/1998 | ||
| 999 |
_c55023 _d55023 |
||